[Event "EU-ch U16 Girls 24th"]
[Site "Batumi"]
[Date "2014.10.24"]
[Round "6"]
[White "Drogovoz, Maria"]
[Black "Ahmadova, Fatima Mahammad Qiz"]
[Result "1-0"]
[WhiteElo "2167"]
[BlackElo "1679"]
[PlyCount "47"]
[EventDate "2014.10.19"]
[EventType "swiss"]
[EventRounds "9"]
[EventCountry "GEO"]
[SourceTitle "EXT 2015"]
[Source "ChessBase"]
[SourceDate "2014.11.20"]
[SourceVersion "1"]
[SourceVersionDate "2014.11.20"]
[SourceQuality "1"]

1. e4 c5 2. Nf3 e6 3. d4 cxd4 4. Nxd4 Nf6 5. Nc3 Nc6 6. g3 Bb4 7. Bg2 d5 8. exd5 Nxd5 9. Nxc6 bxc6 10. 0-0 0-0 11. Qg4 Rb8 12. Rd1 Bxc3 13. bxc3 Qf6 14. Ba3 Nxc3 15. Bxf8 Nxd1 16. Qxd1 Kxf8 17. Qd6+ Kg8 18. Qxb8 Qxa1+ 19. Bf1 g6 20. Qxc8+ Kg7 21. Qxc6 Qxa2 22. Qc3+ Kg8 23. Qb3 Qa1 24. c4 1-0

[Event "EU-ch U16 Girls 24th"]
[Site "Batumi"]
[Date "2014.10.22"]
[Round "4"]
[White "Gitu, Paula Alexandra"]
[Black "Ahmadova, Fatima Mahammad Qiz"]
[Result "0-1"]
[WhiteElo "1833"]
[BlackElo "1679"]
[PlyCount "66"]
[EventDate "2014.10.19"]
[EventType "swiss"]
[EventRounds "9"]
[EventCountry "GEO"]
[SourceTitle "EXT 2015"]
[Source "ChessBase"]
[SourceDate "2014.11.20"]
[SourceVersion "1"]
[SourceVersionDate "2014.11.20"]
[SourceQuality "1"]

1. e4 c5 2. Nf3 e6 3. c3 d5 4. exd5 exd5 5. d4 Nf6 6. Nbd2 Nc6 7. Bb5 Bg4 8. Qa4 Bd7 9. 0-0 a6 10. Bxc6 Bxc6 11. Qc2 Bd6 12. Re1+ Ne4 13. Nxe4 dxe4 14. dxc5 Bxc5 15. Ne5 f5 16. Nxc6 bxc6 17. Bf4 0-0 18. b4 Be7 19. Rad1 Qc8 20. Qb3+ Kh8 21. f3 a5 22. a3 c5 23. fxe4 cxb4 24. cxb4 axb4 25. axb4 Qb7 26. b5 Bc5+ 27. Be3 Ra3 28. Qxa3 Bxa3 29. b6 fxe4 30. Ra1 Bc5 31. Ra7 Qb8 32. Rea1 Bxe3+ 33. Kh1 Qe5 0-1

[Event "Wch U16 Girls"]
[Site "Al Ain"]
[Date "2013.??.??"]
[Round "9"]
[White "Ghaemmaghami, Pegah"]
[Black "Ahmadova, Fatima Mahammad Qiz"]
[Result "1-0"]
[WhiteElo "1723"]
[BlackElo "1634"]
[PlyCount "111"]
[EventDate "2013.12.18"]
[EventType "swiss"]
[EventRounds "11"]
[EventCountry "UAE"]
[SourceTitle "CBM 158 Extra"]
[Source "ChessBase"]
[SourceDate "2014.02.28"]
[SourceVersion "1"]
[SourceVersionDate "2014.02.28"]
[SourceQuality "1"]

1. c4 c5 2. Nc3 Nc6 3. Nf3 e5 4. e4 g6 5. Be2 Bg7 6. 0-0 Nge7 7. a3 0-0 8. Rb1 d6 9. b4 f5 10. d3 Nd4 11. Nxd4 cxd4 12. Nd5 Nxd5 13. cxd5 f4 14. Bg4 Bxg4 15. Qxg4 Qc8 16. Qxc8 Raxc8 17. Bb2 Rc2 18. a4 Rfc8 19. Rfc1 Kf7 20. Ba3 R8c3 21. Rxc2 Rxc2 22. b5 Bf8 23. Bb4 Be7 24. Kf1 Ke8 25. Ke1 f3 26. gxf3 Bh4 27. Bxd6 Rxf2 28. Kd1 Rxf3 29. Kc2 Bf6 30. Rd1 h5 31. h4 Rf4 32. Rg1 Kf7 33. Bc7 Rg4 34. Rf1 Rf4 35. Rxf4 exf4 36. Bxf4 Bxh4 37. Kd2 Bf2 38. Ke2 Bh4 39. Kf3 Bf6 40. e5 g5 41. Bg3 Bd8 42. Ke4 h4 43. Bf2 g4 44. Bxd4 h3 45. e6+ Ke8 46. Be5 Bh4 47. d6 g3 48. Kf3 g2 49. Bd4 b6 50. Bf2 Bxf2 51. Kxf2 Kd8 52. d4 Ke8 53. d7+ Kd8 54. d5 Ke7 55. Kg1 Kd8 56. d6 1-0

[Event "World School-ch U15 Girls 8th"]
[Site "Iasi"]
[Date "2012.05.05"]
[Round "8"]
[White "Shnayder, Violetta"]
[Black "Ahmadova, Fatima Mahammad Qiz"]
[Result "1-0"]
[WhiteElo "1895"]
[BlackElo "1586"]
[PlyCount "101"]
[EventDate "2012.04.28"]
[EventType "swiss"]
[EventRounds "9"]
[EventCountry "ROU"]
[SourceTitle "EXT 2013"]
[Source "ChessBase"]
[SourceDate "2012.11.22"]
[SourceVersion "1"]
[SourceVersionDate "2012.11.22"]
[SourceQuality "1"]

1. e4 c5 2. c3 g6 3. Nf3 Bg7 4. d4 cxd4 5. cxd4 d5 6. e5 Nc6 7. Nc3 Bg4 8. Be3 Qd7 9. Na4 Bxf3 10. gxf3 Qc7 11. Qb3 e6 12. Nc5 Rb8 13. Bb5 Nge7 14. Rc1 0-0 15. Qa4 a6 16. Bxc6 Nxc6 17. Nxa6 bxa6 18. Rxc6 Qb7 19. b3 Ra8 20. 0-0 Rfc8 21. Rfc1 h5 22. Rxc8+ Rxc8 23. Rxc8+ Qxc8 24. Qa3 Bf8 25. Qc1 Qb7 26. Bg5 Qd7 27. Bf6 Kh7 28. Qc3 Qb7 29. Bg5 Be7 30. Bxe7 Qxe7 31. b4 Qg5+ 32. Kh1 Qf5 33. a4 h4 34. Kg2 h3+ 35. Kg3 Qh5 36. f4 Qd1 37. a5 Qf1 38. Qf3 Kg7 39. f5 gxf5 40. Kh4 Qg2 41. Qxh3 Qe4+ 42. Kg5 f4 43. Qh6+ Kg8 44. Kf6 Qf5+ 45. Ke7 Qc2 46. Qg5+ Kh8 47. Qh5+ Kg8 48. Qxf7+ Kh8 49. Qh5+ Kg7 50. Qg5+ Kh7 51. Kf6 1-0

[Event "Varna op 5th"]
[Site "Varna"]
[Date "2011.07.08"]
[Round "7"]
[White "Gurvich, Vitaly"]
[Black "Ahmadova, Fatima Mahammad Qiz"]
[Result "0-1"]
[WhiteElo "1778"]
[BlackElo "1578"]
[PlyCount "74"]
[EventDate "2011.07.03"]
[EventType "swiss"]
[EventRounds "9"]
[EventCountry "BUL"]
[SourceTitle "CBM 143 Extra"]
[Source "ChessBase"]
[SourceDate "2011.08.29"]
[SourceVersion "1"]
[SourceVersionDate "2011.08.29"]
[SourceQuality "1"]

1. d4 d5 2. c4 c6 3. cxd5 cxd5 4. Nc3 Nf6 5. Nf3 Nc6 6. Bg5 Ne4 7. Bf4 Bf5 8. e3 e6 9. Qb3 Qb6 10. Qxb6 axb6 11. Nb5 Bb4+ 12. Ke2 0-0 13. a3 Be7 14. Rc1 Rac8 15. Bc7 Bd8 16. Bxd8 Rfxd8 17. Nc3 Na5 18. Nd2 Nxd2 19. Kxd2 Nb3+ 20. Kd1 Nxc1 21. Kxc1 f6 22. f4 e5 23. fxe5 fxe5 24. Be2 exd4 25. exd4 Be4 26. Kd2 Bxg2 27. Rg1 Be4 28. Rg5 h6 29. Rg3 Rf8 30. Ke3 Rce8 31. Kd2 Rf2 32. Ke3 Rxh2 33. Kf4 Bc2 34. Bb5 Rf2+ 35. Kg4 Bf5+ 36. Kh4 Rh2+ 37. Rh3 Rxh3# 0-1

[Event "Varna op 5th"]
[Site "Varna"]
[Date "2011.07.07"]
[Round "6"]
[White "Amrayeva, Aytan"]
[Black "Ahmadova, Fatima Mahammad Qiz"]
[Result "1-0"]
[WhiteElo "1907"]
[BlackElo "1578"]
[PlyCount "67"]
[EventDate "2011.07.03"]
[EventType "swiss"]
[EventRounds "9"]
[EventCountry "BUL"]
[SourceTitle "CBM 143 Extra"]
[Source "ChessBase"]
[SourceDate "2011.08.29"]
[SourceVersion "1"]
[SourceVersionDate "2011.08.29"]
[SourceQuality "1"]

1. d4 d5 2. Bg5 Nf6 3. Bxf6 exf6 4. e3 Bf5 5. c3 Bd6 6. Qb3 Be6 7. Qxb7 Nd7 8. Qb3 0-0 9. Bd3 c5 10. Qc2 h6 11. Ne2 Rb8 12. b3 Qc7 13. h3 Nb6 14. Nd2 c4 15. Bf5 cxb3 16. axb3 Qd7 17. Bxe6 fxe6 18. 0-0 e5 19. Qa2 Qe6 20. Qxa7 exd4 21. Nxd4 Qc8 22. Rfc1 Bc5 23. Qa6 Qd7 24. Qd3 Rfc8 25. Qg6 Ra8 26. Rxa8 Nxa8 27. Qf5 Qxf5 28. Nxf5 Bb4 29. Nb1 Nb6 30. Rd1 Bf8 31. Ng3 Ra8 32. e4 Ra1 33. Kf1 dxe4 34. Nxe4 1-0